000 00516nam a2200169Ia 4500
003 GCL
008 140319s9999 xx 000 0 ara d
040 _aGCL /
_cGCL
082 0 4 _a813.03
_bا ا
100 1 _aاحسان عبدالقدوس
245 1 0 _aايام شبابى: الاعمال الابداعية /
_cاحسان عبدالقدوس
300 _a175 ص
490 _aسلسلة مكتبة الاسرة
_v0
650 0 4 _aالادب العربى
650 0 4 _aالقصص العربية
942 _2ddc
_cBK
999 _c50166
_d50166